Представление документа в формате MARC21

Поле Инд. ПП Название Значение
Тип записи a
Библиографический уровень m
001 Контрольный номер 7457a9e5-ffc8-4022-8540-0a1445b56d5a
005 Дата корректировки 20211015082400.9
008 Кодируемые данные 041201
020 a ISBN 5-09-013415-4 (2)
020 a ISBN 5-09-013416-2 (общ.)
040 a Служба первич. каталог. НБ ТвГУ
041 0_ a Код языка текста rus
080 a Индекс УДК 882.09(075.3)
084 a Индекс другой классификации/Индекс ББК Ш5(2=411.2)6я721-1
090 x Авторский знак Р 89
a Полочн. индекс Ш5(2=411.2)
245 10 a Заглавие Русская литература XX века. 11 класс
n Номер части/ раздела Ч. 2
b Продолж. заглавия учебник для общеобразовательных учреждений : в 2 ч.
c Ответственность составитель Е. П. Пронина ; под ред. В. П. Журавлева
246 02 a Другая форма заглавия Литература. 11 класс
250 a Основные сведения об издании 9-е изд.
260 0_ a Место издания Москва
b Издательство Просвещение
c Дата издания 2004
300 a Объем 444,[1] с.
b Иллюстрации/ тип воспроизводства портр.
653 0_ a Ключевые слова Русская литература 20 в.
a Ключевые слова История русской литературы 20 в.
a Ключевые слова Учебники для средней школы
a Ключевые слова 1930-1990-е гг.
a Ключевые слова 20 в.
700 1_ a Другие авторы Чалмаев В. А.
q Полное имя Чалмаев Виктор Андреевич
700 1_ a Другие авторы Михайлов Олег Николаевич
700 1_ a Другие авторы Павловский Алексей Ильич
700 1_ a Другие авторы Журавлев В. П.
700 1_ a Другие авторы Пронина Е. П.
852 41 i Расстановочный признак Проверка 2021
901 t Тип документа m
920 a Оператор Поля
a Оператор Суха
930 a Новая/Ретро ретро
952 c Вид литературы К ру
954 a Дата поступления на обработку 20041208
e Дата перешифровки 20210824
954 a Дата поступления на обработку 20211015